Komu Cena mesta

Podrobná bibliografia
Hlavný autor: pit (Author)
Médium: Článok
Jazyk:Slovak
Vydané: 1999
Témy:
Zdroj: 1. Košický večer 1. Roč. 10, č. 52(1999), dát. 0317, s. 2
LEADER 00755nab#a2200337#ar4500
001 000007613
003 SVKKK
005 20030717092904.0
008 030717c1999 e sloo
FMT
038 |a SVKKK 
040 |a SVKKK  |b slo  |e AACR2 
041 0 |a slo 
080 |a 06.06  |2 1981 
100 0 |a pit  |4 aut 
245 1 0 |a Komu Cena mesta  |c pit , 
260 |c 1999 
650 0 4 |a ceny  |z Cena mesta Košice 
650 0 4 |a informácie 
650 0 4 |a jednotlivci 
650 0 4 |a kolektívy 
650 0 4 |a menovite 
650 0 4 |a udelenie 
650 0 4 |a vyznamenania 
773 0 |t Košický večer  |g Roč. 10, č. 52(1999), dát. 0317, s. 2 
957 |a Košice 
974 |a Cr 
992 |a RBX 
BAS
852 |a SVKKK  |b BIB 
998 |a REG